00426 a2200145 4500003000400000005001700004008004100021020001800062040000900080082001500089100001900104245011300123260003500236300000900271OSt20250704133655.0231123b |||||||| |||| 00| 0 eng d a9788174820556 coclc a540bVAS/U aVashistha, K C aUpkar's UGC- NET/JRF/SET Teaching & Research aptitude General Paper-I /cDr Lal, Jain and Dr. K C Vashistha aAgra:bUpkar Prakashan,c2024. a452p